La obsesión y otros cuentos / (Registro nro. 3087)

Detalles MARC
000 -LEADER
fixed length control field 00596nam a2200193 a 4500
008 - CAMPO DE CONTROL (LIBRO)
fixed length control field 200311s1979 a ||||gr|||| 001 1 spa d
020 ## - INTERNATIONAL STANDARD BOOK NUMBER
ISBN S/D
041 ## - CODIGO DE IDIOMA
Código de idioma del texto/pista de sonido o título separado spa
092 ## - SIGNATURA TOPOGRAFICA DEWEY LOCAL
número de clasificación 808
libristica 10
sección CAN
100 1# - ENTRADA PRINCIPAL--NOMBRE PERSONAL
Nombre personal Cané, Cora.
9 (RLIN) 4129
245 3# - TITULO PROPIAMENTE DICHO
Título La obsesión y otros cuentos /
Mención de responsabilidad y remanente de la transcripción de la portada Cora Cané.
250 ## - MENCION DE EDICION
Mención de edición 1a ed.
260 ## - PIE DE IMPRENTA
Lugar de publicación, distribución, etc Buenos Aires:
Nombre de la editorial, distribuidor, etc Plus Ultra;
Fecha de publicación 1979.
300 ## - DESCRIPCION FISICA
Extension 109 p.
500 ## - NOTA GENERAL
Nota general Cané, C. (1979). La obsesión y otros cuentos. (1a ed.). Buenos Aires : Plus Ultra.
590 ## - NOTAS LOCALES (RLIN)
Nota local Proyecto 4to libro. Donación Pardo Paula. Marzo 2020.
655 ## - MATERIA - GENERO/FORMA
Género/Forma Literatura
-- 2917
942 ## - ADDED ENTRY ELEMENTS (KOHA)
Source of classification or shelving scheme Dewey Decimal Classification
Item type LITERATURA
Existencias
Estado de retiro Existencia Fuente de clasificación Estado general No para prestamo Ubicación permanente ubicación actual Sala de ubicación Fecha de adquisición Fuente de adquisición Total Checkouts Número de clasificación Código de barras Date last seen Número de ejemplar Price effective from Koha tipo de elemento (item) Public note
    Dewey Decimal Classification     Biblioteca Medicina Biblioteca Medicina Circulación 11/03/2020 Donación Pardo, Paula. marzo 2020   808 10 CAN 4638 11/03/2020 Ej. 1 11/03/2020 LITERATURA Proyecto 4to libro. Donación Pardo, Paula. marzo 2020

UNIVERSIDAD NACIONAL DEL COMAHUE
Biblioteca de la Facultad de Ciencias Médicas
Sede Toschi: Los Arrayanes y Av. Toschi, Cipolletti  - Rio Negro
Sede Los Tordos:  Yrigoyen al 2211, Cipolletti - Rio Negro 

Teléfono: 0299 - 4774707 int 25
Contacto: biblioteca@facimed.uncoma.edu.ar
© 2011 - 2026